Živočišná výroba v územním členění.
Štatistické údaje o živočíšnej výrobe v ČSFR v územnom členení v rokoch 1950-1990. Stavy hospodárskych zvierat v ČSFR, ČR a SR, intenzita chovu hospodárskych zvierat, stavy jednotlivých druhov hospodárskych zvierat vrátane hydiny.
Gespeichert in:
| Format: | Buchkapitel |
|---|---|
| Sprache: | Tschechisch |
| Schlagworte: | |
| Tags: |
Keine Tags, Fügen Sie das erste Tag hinzu!
|
MARC
| LEADER | 00000naa a2200000 4500 | ||
|---|---|---|---|
| 001 | r004765 | ||
| 005 | 20221125081701.5 | ||
| 041 | 0 | |a cze | |
| 044 | |a [CS] | ||
| 245 | 1 | 0 | |a Živočišná výroba v územním členění. |
| 520 | |a Štatistické údaje o živočíšnej výrobe v ČSFR v územnom členení v rokoch 1950-1990. Stavy hospodárskych zvierat v ČSFR, ČR a SR, intenzita chovu hospodárskych zvierat, stavy jednotlivých druhov hospodárskych zvierat vrátane hydiny. | ||
| 610 | 2 | 0 | |a výroba živočíšna |
| 610 | 2 | 0 | |a ČSFR |
| 610 | 2 | 0 | |a 1950-1990 |
| 610 | 2 | 0 | |a údaje štatistické |
| 610 | 2 | 0 | |a Čechy |
| 610 | 2 | 0 | |a Slovensko |